Представление документа в формате MARC21

Поле Инд. ПП Название Значение
Тип записи a
Библиографический уровень b
001 Контрольный номер RU/IS/BASE/268756944
005 Дата корректировки 20200630193121.5
008 Кодируемые данные 20080707
040 b Код языка каталог. rus
e Правила каталог. PSBO
041 0_ a Код языка текста rus
084 a Индекс другой классификации/Индекс ББК 83.3(2=411.2)5-017; 87г(2)
100 1_ a Автор Бояркина Н. В.
245 10 a Заглавие Эстетика Константина Леонтьева: единство в многообразии
504 a Библиография Библиогр. - Примеч.: с. 132 - 133
600 14 a Персоналии Леонтьев Константин Николаевич
650 04 a Основная рубрика история литературы
a Основная рубрика история эстетики
a Основная рубрика литературоведение
a Основная рубрика филологические науки
a Основная рубрика эстетика
653 1_ a Ключевые слова XIX век
a Ключевые слова красота
a Ключевые слова Россия
a Ключевые слова русская литература
a Ключевые слова философия литературы
a Ключевые слова человек
a Ключевые слова эстетизм
a Ключевые слова эстетические взгляды
a Ключевые слова эстетические концепции
773 08 t Заглавие источника Вестник Московского университета. Серия 9, Филология
d Дата издания источника 2007
g Прочая информация № 6. - С. 127 - 133
w Контрольный № источника RU/IS/BASE/261756589
901 t Тип документа b